000 00629nam a2200241 i 4500
001 C2-0262234
003 PPAK
005 20180727231438.0
008 050126s2003 enk |||| ||||| | eng d
020 _a1850656789
040 _aPPAK
_beng
_cPPAK
_erda
082 0 4 _a297.2
_223
090 0 0 _a297.2
_bMOD
_dR
245 0 0 _aModernizing Islam
264 1 _aLondon :
_bHurst & Company ,
_c2003
300 _ax, 278 pages ;
_c22 cm
336 _2rdacontent
_atext
337 _2rdamedia
_aunmediated
338 _2rdacarrier
_avolume
650 1 0 _aSociology, Islamic.
700 1 _aEsposito, John L.,
_eeditor
942 _ddc
_cB
999 _c72733
_d72733